Non-Island Caribbean Countries - Statistics

General Stats
  • This quiz has been taken 45 times
  • The average score is 9 of 9
Answer Stats
Answer % Correct
Venezuela
100%
Belize
98%
Colombia
98%
Costa Rica
98%
Honduras
98%
Mexico
98%
Nicaragua
98%
Panama
98%
Guatemala
95%
No matching quizzes found
Score Distribution
Percent of People with Each Score
Percentile by Number Answered
Your Score History
You have not taken this quiz